Statistics for Top 5 Formula One Drivers Starting With 'Z'

Click here to take the quiz!

General Stats

  • This quiz has been taken 31 times
  • The average score is 3 of 5

Answer Stats

Lp.NationalityCareerDriver% Correct
3Chinese2022-Zhou Guanyu
90%
2Brazilian1999-2005Ricardo Zonta
80%
1Italian1991-1999Alex Zanardi
63%
5Italian1975-1977Renzo Zorzi
27%
4Argentine1979-1981Ricardo Zunino
23%

Score Distribution

Percentile by Number Answered

Percent of People with Each Score

Your Score History

You have not taken this quiz